Peer effects and youth smoking in the European global youth tobacco survey

Fajčenie a fajčenie mladých podľa WHO. Fajčenie mládeže a vplyv rovesníkov a spolužiakov - štatistická analýza výsledkov prieskumu GYTS (global youth tobacco survey) z 10 východoeurópskych krajín.

Gespeichert in:
Bibliographische Detailangaben
1. Verfasser: Nikaj, Silda
Format: Buchkapitel
Sprache:Englisch
Schlagworte:
Tags: Tag hinzufügen
Keine Tags, Fügen Sie das erste Tag hinzu!

MARC

LEADER 00000naa a2200000 4500
001 0236652
005 20221104111932.1
041 0 |a eng 
044 |a CZ 
245 1 0 |a Peer effects and youth smoking in the European global youth tobacco survey  |c Silda Nikaj 
520 |a Fajčenie a fajčenie mladých podľa WHO. Fajčenie mládeže a vplyv rovesníkov a spolužiakov - štatistická analýza výsledkov prieskumu GYTS (global youth tobacco survey) z 10 východoeurópskych krajín. 
610 2 0 |a tabak 
610 2 0 |a výrobky tabakové 
610 2 0 |a spotreba 
610 2 0 |a spotrebitelia 
610 2 0 |a mládež 
610 2 0 |a žiaci 
610 2 0 |a východná Európa 
610 2 0 |a Európa 
610 2 0 |a Slovensko 
610 2 0 |a prieskum 
610 2 0 |a analýza štatistická 
610 2 0 |a ochrana zdravia 
610 2 0 |a zdravie 
100 1 |a Nikaj, Silda